[Event "26. Torneo Collado Villalba - B"]
[Site "Collado Villalba ESP"]
[Date "2010.08.20"]
[Round "1.2"]
[White "Montiel Miguelez, Manuel"]
[Black "Aragon Gutierrez, Alejandro"]
[Result "0-1"]
[WhiteElo "1977"]
[BlackElo "1697"]
[PlyCount "72"]
[EventDate "2010.08.20"]
[EventType "swiss"]
[EventRounds "9"]
[EventCountry "ESP"]
[Source "lmi"]
[SourceDate "2010.08.20"]

1. e4 e6 2. d4 d5 3. e5 c5 4. c3 Nc6 5. Nf3 Qb6 6. Be2 Nh6 7. b3 cxd4 8. cxd4
Bb4+ 9. Kf1 Nf5 10. Bb2 Bd7 11. Nc3 a6 12. Na4 Qa7 13. Rc1 Be7 14. Qd2 h6 15.
h4 Bb4 16. Qf4 Rd8 17. a3 Ba5 18. g4 Nfe7 19. h5 Bc7 20. g5 Nf5 21. Bd3 f6 22.
gxf6 gxf6 23. Qg4 fxe5 24. dxe5 Rf8 25. Qg6+ Ke7 26. Rc2 Ne3+ 27. Ke2 Nxc2 28.
Bxc2 Rxf3 29. Kxf3 Rf8+ 30. Ke2 Qxf2+ 31. Kd1 Qf3+ 32. Kd2 Qxh1 33. Qg3 Qxh5
34. Qg7+ Rf7 35. Qg3 Qg5+ 36. Qxg5+ hxg5 0-1

[Event "26. Torneo Collado Villalba - B"]
[Site "Collado Villalba ESP"]
[Date "2010.08.20"]
[Round "1.3"]
[White "Martinez Martinez, Antonio"]
[Black "Garcia Sanz, Eduardo"]
[Result "1-0"]
[WhiteElo "1695"]
[BlackElo "1972"]
[PlyCount "79"]
[EventDate "2010.08.20"]
[EventType "swiss"]
[EventRounds "9"]
[EventCountry "ESP"]
[Source "lmi"]
[SourceDate "2010.08.20"]

1. e4 c6 2. d4 d5 3. Nc3 dxe4 4. Nxe4 Nd7 5. Bc4 Ngf6 6. f3 e6 7. Bg5 Be7 8.
Ne2 O-O 9. O-O e5 10. c3 Nxe4 11. Bxe7 Qxe7 12. fxe4 Nf6 13. Qd3 Bg4 14. Ng3
Rad8 15. h3 Be6 16. b3 b5 17. Bxe6 Qxe6 18. Nf5 Nh5 19. Qf3 Nf4 20. dxe5 Ng6
21. Qg3 Rd2 22. Rad1 Rxa2 23. Rd6 Qxb3 24. h4 h5 25. Rxg6 fxg6 26. Qxg6 Rxf5
27. Rxf5 Qd1+ 28. Kh2 Qd7 29. e6 Qe7 30. Kh3 Ra1 31. Qf7+ Qxf7 32. Rxf7 Rd1 33.
Rd7 Re1 34. Rd8+ Kh7 35. e7 Re3+ 36. g3 Rxe4 37. e8=Q Rxe8 38. Rxe8 a5 39. Re6
b4 40. cxb4 1-0

[Event "26. Torneo Collado Villalba - B"]
[Site "Collado Villalba ESP"]
[Date "2010.08.20"]
[Round "1.4"]
[White "Bote Kobolo, Benjamin"]
[Black "Peral Aparicio, Jesus"]
[Result "1-0"]
[WhiteElo "1969"]
[BlackElo "1687"]
[PlyCount "63"]
[EventDate "2010.08.20"]
[EventType "swiss"]
[EventRounds "9"]
[EventCountry "ESP"]
[Source "lmi"]
[SourceDate "2010.08.20"]

1. e4 c5 2. Nf3 d6 3. Nc3 Nf6 4. e5 dxe5 5. Nxe5 a6 6. Bc4 e6 7. d3 Bd6 8. Qe2
Qc7 9. Ng4 Be7 10. Nxf6+ Bxf6 11. Ne4 Be7 12. Qg4 g6 13. Qe2 Nc6 14. c3 Na5 15.
Bh6 Nxc4 16. dxc4 Bd7 17. Bg7 Rg8 18. Nf6+ Bxf6 19. Bxf6 Qf4 20. Be5 Qf5 21. g4
Qg5 22. h4 Qe7 23. g5 Rf8 24. O-O-O f6 25. gxf6 Rxf6 26. Bxf6 Qxf6 27. Qe3 Qf8
28. Rd5 Qe7 29. Rxc5 Ba4 30. h5 b6 31. Re5 Bd7 32. hxg6 1-0

[Event "26. Torneo Collado Villalba - B"]
[Site "Collado Villalba ESP"]
[Date "2010.08.20"]
[Round "1.5"]
[White "Sadaba Rodriguez, Igor"]
[Black "Monmeneu Chulia, Vicente Juan"]
[Result "1-0"]
[WhiteElo "1685"]
[BlackElo "1953"]
[PlyCount "123"]
[EventDate "2010.08.20"]
[EventType "swiss"]
[EventRounds "9"]
[EventCountry "ESP"]
[Source "lmi"]
[SourceDate "2010.08.20"]

1. d4 Nf6 2. c4 g6 3. Nc3 Bg7 4. e4 d6 5. Nf3 O-O 6. Be3 Nbd7 7. Be2 Ng4 8. Bg5
h6 9. Bh4 c5 10. O-O Re8 11. Rb1 a6 12. Re1 cxd4 13. Nxd4 Nge5 14. Nd5 g5 15.
Bg3 e6 16. Ne3 Qb6 17. Nb3 Nc5 18. Nxc5 dxc5 19. Bh5 Rd8 20. Qe2 Bd7 21. Bxe5
Bxe5 22. Qf3 Be8 23. Ng4 Qc7 24. Nxh6+ Kg7 25. Ng4 f5 26. Nxe5 Bxh5 27. Qxh5
Qxe5 28. Qxg5+ Kf7 29. Qh5+ Kf6 30. Qh6+ Kf7 31. exf5 Qxf5 32. h3 Rh8 33. Qe3
Rag8 34. Kf1 Rd8 35. Rbd1 Rhg8 36. Rxd8 Rxd8 37. g4 Qd3+ 38. Qxd3 Rxd3 39. Re3
Rd4 40. b3 Rd2 41. Re2 Rd3 42. Kg2 a5 43. h4 Rc3 44. f3 a4 45. bxa4 Rxc4 46.
Rb2 Rxa4 47. Rxb7+ Kf6 48. Rb2 Ke5 49. h5 Kd4 50. h6 Ke5 51. Kg3 Kf6 52. Rb7
Rxa2 53. h7 Ra8 54. Rc7 Kg6 55. Kf4 Rf8+ 56. Ke4 Rh8 57. f4 Rxh7 58. Rxh7 Kxh7
59. Kd3 Kg6 60. Kc4 Kf6 61. Kxc5 e5 62. f5 1-0

[Event "26. Torneo Collado Villalba - B"]
[Site "Collado Villalba ESP"]
[Date "2010.08.20"]
[Round "1.6"]
[White "Garcia Serrano, Jose M"]
[Black "Rodriguez Lorenzo, Miguel"]
[Result "1-0"]
[WhiteElo "1942"]
[BlackElo "1684"]
[PlyCount "41"]
[EventDate "2010.08.20"]
[EventType "swiss"]
[EventRounds "9"]
[EventCountry "ESP"]
[Source "lmi"]
[SourceDate "2010.08.20"]

1. e4 Nf6 2. e5 Nd5 3. d4 d6 4. Nf3 Bg4 5. Be2 Nc6 6. O-O g6 7. h3 Bxf3 8. Bxf3
dxe5 9. dxe5 Nb6 10. Bxc6+ bxc6 11. Qe2 e6 12. Rd1 Qe7 13. Qf3 Qc5 14. Be3 Qxc2
15. Rc1 Qa4 16. b3 Qb5 17. Nc3 Qd3 18. Rd1 Qxc3 19. Rac1 Qxe5 20. Qxc6+ Ke7 21.
Bc5+ 1-0

[Event "26. Torneo Collado Villalba - B"]
[Site "Collado Villalba ESP"]
[Date "2010.08.20"]
[Round "1.7"]
[White "Corral Sanchez, Jesus"]
[Black "Osorio Ramos, Francisco"]
[Result "1/2-1/2"]
[WhiteElo "1675"]
[BlackElo "1931"]
[PlyCount "82"]
[EventDate "2010.08.20"]
[EventType "swiss"]
[EventRounds "9"]
[EventCountry "ESP"]
[Source "lmi"]
[SourceDate "2010.08.20"]

1. e4 c5 2. Nf3 d6 3. d4 cxd4 4. Nxd4 Nf6 5. Nc3 a6 6. Be2 e5 7. Nf3 h6 8. h3
Be7 9. Be3 Be6 10. Qd2 O-O 11. g4 Qc7 12. g5 hxg5 13. Nxg5 Bc4 14. O-O-O Bxe2
15. Qxe2 Nbd7 16. f3 b5 17. Nd5 Nxd5 18. exd5 Nf6 19. Rhg1 Rfc8 20. Qg2 Bf8 21.
Ne4 Nxe4 22. fxe4 Qc4 23. Kb1 b4 24. Bh6 g6 25. Bxf8 Kxf8 26. h4 Ke7 27. Rgf1
Rf8 28. Rfe1 Rac8 29. Rd3 Rc7 30. Rd2 a5 31. h5 gxh5 32. Qg5+ Ke8 33. Qxh5 a4
34. Qf3 a3 35. Qb3 f5 36. exf5 Qxb3 37. axb3 axb2 38. Kxb2 Rxf5 39. Re3 Kd7 40.
Re1 Rb7 41. Rg2 Rf7 1/2-1/2

[Event "26. Torneo Collado Villalba - B"]
[Site "Collado Villalba ESP"]
[Date "2010.08.20"]
[Round "1.8"]
[White "Penaranda Grilo, Juan Carlos"]
[Black "Takvor Mena, Samuel"]
[Result "0-1"]
[WhiteElo "1921"]
[BlackElo "1674"]
[PlyCount "98"]
[EventDate "2010.08.20"]
[EventType "swiss"]
[EventRounds "9"]
[EventCountry "ESP"]
[Source "lmi"]
[SourceDate "2010.08.20"]

1. d4 d5 2. c4 e6 3. Nc3 c6 4. Nf3 Nf6 5. Bg5 Nbd7 6. e3 Be7 7. Bd3 O-O 8. O-O
Re8 9. Qc2 dxc4 10. Bxc4 Nd5 11. Bxe7 Qxe7 12. e4 N5b6 13. Bb3 c5 14. Nb5 Rd8
15. Rac1 cxd4 16. Nbxd4 Nf6 17. e5 Nfd5 18. a4 a5 19. Nb5 Bd7 20. Nd6 Bc6 21.
Nd4 Nb4 22. Nxc6 bxc6 23. Qe4 N6d5 24. f4 g6 25. Rc5 Qa7 26. Rfc1 Na6 27. Qd4
Nxc5 28. Qxc5 Nxf4 29. Qxa7 Rxa7 30. Rxc6 Nd3 31. Nc4 Nb4 32. Rb6 Rd3 33. Nxa5
Rxa5 34. Rxb4 Rxe5 35. Bc4 Rd1+ 36. Kf2 Rd2+ 37. Kf3 Rf5+ 38. Ke3 Rxg2 39. Rb8+
Kg7 40. b4 Rxh2 41. a5 Rh3+ 42. Kd4 Rh4+ 43. Kc3 Rf3+ 44. Bd3 Rh1 45. a6 Ra1
46. Rd8 Rxa6 47. Kd4 Rb6 48. Ke4 Rxd3 49. Kxd3 Rxb4 0-1

[Event "26. Torneo Collado Villalba - B"]
[Site "Collado Villalba ESP"]
[Date "2010.08.20"]
[Round "1.9"]
[White "Garcia Lopez, Fernando"]
[Black "Martinez Rubio, Felipe"]
[Result "0-1"]
[WhiteElo "1665"]
[BlackElo "1920"]
[PlyCount "114"]
[EventDate "2010.08.20"]
[EventType "swiss"]
[EventRounds "9"]
[EventCountry "ESP"]
[Source "lmi"]
[SourceDate "2010.08.20"]

1. e4 c5 2. Nf3 e6 3. d4 cxd4 4. Nxd4 Nf6 5. Nc3 Nc6 6. Be3 Bb4 7. a3 Bxc3+ 8.
bxc3 Qa5 9. Nb3 Qxc3+ 10. Bd2 Qe5 11. f3 O-O 12. Be2 d5 13. exd5 Nxd5 14. Kf2
Nc3 15. Bxc3 Qxc3 16. Qd3 Qxd3 17. cxd3 b6 18. Rac1 Bb7 19. d4 Rfd8 20. Rhd1
Rd6 21. Bd3 Rad8 22. Ke3 e5 23. dxe5 Nxe5 24. Be2 Rxd1 25. Bxd1 Rc8 26. Rxc8+
Bxc8 27. Kd4 f6 28. h3 Kf7 29. f4 Ng6 30. Ke3 Nh4 31. g4 Bb7 32. Kf2 Ng2 33. f5
Nf4 34. Kg3 Nd3 35. Nd4 Bd5 36. Be2 Nc5 37. Nb5 Ne4+ 38. Kf4 a5 39. Bf3 Bc4 40.
Nc7 Nf2 41. Kg3 Nd3 42. Na8 b5 43. Nb6 Ne5 44. Nxc4 bxc4 45. Bd5+ Ke7 46. Kf4
Kd6 47. Be6 Kc5 48. h4 Kd4 49. g5 c3 50. Bb3 Kd3 51. h5 c2 52. Bxc2+ Kxc2 53.
h6 gxh6 54. gxf6 Nf7 55. Ke4 h5 56. Kd5 h4 57. Ke6 Ng5+ 0-1

[Event "26. Torneo Collado Villalba - B"]
[Site "Collado Villalba ESP"]
[Date "2010.08.20"]
[Round "1.11"]
[White "Andres Garcia, Vicente"]
[Black "Sanchez Ruiz, Piedad Esmeralda"]
[Result "0-1"]
[WhiteElo "1659"]
[BlackElo "1902"]
[PlyCount "76"]
[EventDate "2010.08.20"]
[EventType "swiss"]
[EventRounds "9"]
[EventCountry "ESP"]
[Source "lmi"]
[SourceDate "2010.08.20"]

1. e4 c5 2. Nf3 e6 3. d4 cxd4 4. Nxd4 a6 5. Nc3 Qc7 6. a3 b5 7. Be3 Bb7 8. Bd3
Nf6 9. O-O d5 10. exd5 Nxd5 11. Nxd5 Bxd5 12. Re1 Be7 13. Qd2 Nd7 14. c3 Nf6
15. h3 Rd8 16. Rad1 O-O 17. Qc2 Qb7 18. Bf1 Rd7 19. Bf4 Rfd8 20. Be5 Ne8 21.
Qe2 Bf6 22. Qg4 Bxe5 23. Rxe5 Nf6 24. Qg3 h6 25. Rde1 Qc8 26. f4 Bb7 27. f5
Rxd4 28. fxe6 Re4 29. exf7+ Kxf7 30. Bd3 Rxe1+ 31. Rxe1 Qc5+ 32. Kh1 Qd6 33.
Qg6+ Kf8 34. Bc2 Bd5 35. Rd1 Qe7 36. Qf5 Qe2 37. Rg1 Qe6 38. Qf2 Qxh3# 0-1

[Event "26. Torneo Collado Villalba - B"]
[Site "Collado Villalba ESP"]
[Date "2010.08.20"]
[Round "1.13"]
[White "Juberias Guillen, Paloma"]
[Black "Bolea Olivan, Jose Angel"]
[Result "0-1"]
[WhiteElo "1655"]
[BlackElo "1882"]
[PlyCount "74"]
[EventDate "2010.08.20"]
[EventType "swiss"]
[EventRounds "9"]
[EventCountry "ESP"]
[Source "lmi"]
[SourceDate "2010.08.20"]

1. d4 Nf6 2. c4 e6 3. Nc3 c5 4. e3 a6 5. Nf3 b6 6. Be2 Bb7 7. O-O Be7 8. d5
exd5 9. cxd5 d6 10. e4 O-O 11. Bg5 Nbd7 12. a4 Rc8 13. Nd2 Nxd5 14. Bxe7 Nxe7
15. Nc4 Qc7 16. Nxd6 Rcd8 17. Nxb7 Qxb7 18. Qc2 Nc6 19. Bc4 Nde5 20. Bd5 Qc7
21. Bxc6 Nxc6 22. Nd5 Qb7 23. Ra3 Nd4 24. Qd1 f5 25. f3 b5 26. axb5 axb5 27.
Rc3 Qa7 28. Rd3 b4 29. Qd2 fxe4 30. fxe4 Rxf1+ 31. Kxf1 Qa1+ 32. Kf2 Rf8+ 33.
Kg3 Qf1 34. Re3 Qf7 35. h3 Re8 36. Nxb4 Qg6+ 37. Kh2 Qd6+ 0-1

[Event "26. Torneo Collado Villalba - B"]
[Site "Collado Villalba ESP"]
[Date "2010.08.20"]
[Round "1.14"]
[White "Casas Rios, Ramon"]
[Black "Ampudia Asensio, Jose Luis"]
[Result "1-0"]
[WhiteElo "1879"]
[BlackElo "1637"]
[PlyCount "75"]
[EventDate "2010.08.20"]
[EventType "swiss"]
[EventRounds "9"]
[EventCountry "ESP"]
[Source "lmi"]
[SourceDate "2010.08.20"]

1. d4 d5 2. Nf3 Nf6 3. g3 e6 4. Bg2 Be7 5. O-O O-O 6. c4 c6 7. Qc2 Nbd7 8. Nbd2
b6 9. e4 dxe4 10. Nxe4 Nxe4 11. Qxe4 Bb7 12. Rd1 Nf6 13. Qe2 Qc7 14. Bf4 Bd6
15. Ne5 Nd7 16. Rac1 Bxe5 17. Bxe5 Nxe5 18. Qxe5 Qxe5 19. dxe5 Rfd8 20. b4 Kf8
21. b5 Rac8 22. Rxd8+ Rxd8 23. bxc6 Ba6 24. Bf1 Ke7 25. c5 Bxf1 26. cxb6 axb6
27. Kxf1 Rc8 28. Ke2 f6 29. f4 fxe5 30. fxe5 Rd8 31. Ke3 g5 32. Rc4 h5 33. Rd4
b5 34. Rxd8 Kxd8 35. Kd4 Kc7 36. Kc5 b4 37. h4 g4 38. Kb5 1-0

[Event "26. Torneo Collado Villalba - B"]
[Site "Collado Villalba ESP"]
[Date "2010.08.20"]
[Round "1.16"]
[White "Escalante Ortega, Fernando"]
[Black "Kalynovsky, Martin"]
[Result "1-0"]
[WhiteElo "1853"]
[BlackElo "1623"]
[PlyCount "91"]
[EventDate "2010.08.20"]
[EventType "swiss"]
[EventRounds "9"]
[EventCountry "ESP"]
[Source "lmi"]
[SourceDate "2010.08.20"]

1. e4 c5 2. Nf3 Nc6 3. d4 cxd4 4. Nxd4 e5 5. Nb5 a6 6. Nd6+ Bxd6 7. Qxd6 Qf6 8.
Qa3 Qg6 9. Nd2 Nge7 10. g3 O-O 11. Bd3 d6 12. Nc4 Rd8 13. f4 Bg4 14. f5 Qf6 15.
h4 Nd4 16. Rf1 h6 17. Ne3 Bh5 18. c4 b5 19. b3 bxc4 20. bxc4 g6 21. Bb2 Nf3+
22. Rxf3 Bxf3 23. Kf2 Bh5 24. Rh1 gxf5 25. exf5 Bg6 26. Ng4 Qg7 27. f6 Qf8 28.
fxe7 Qxe7 29. Bxg6 fxg6 30. Qd3 Rf8+ 31. Ke2 Kg7 32. Qe3 Rh8 33. Rf1 Qe6 34.
Qe4 Rab8 35. Bc3 h5 36. Ne3 Rbc8 37. Kd3 Rhf8 38. Qb7+ Kh6 39. Rxf8 Rxf8 40.
Bd2 Rf7 41. Qa8 Kg7 42. Qxa6 e4+ 43. Ke2 Qf6 44. Kd1 Qf3+ 45. Kc2 Qxg3 46. Qc6
1-0

[Event "26. Torneo Collado Villalba - B"]
[Site "Collado Villalba ESP"]
[Date "2010.08.20"]
[Round "1.17"]
[White "Cerrato Sampablo, Antonio"]
[Black "Gil Fernandez, Daniel"]
[Result "0-1"]
[WhiteElo "1621"]
[BlackElo "1849"]
[PlyCount "70"]
[EventDate "2010.08.20"]
[EventType "swiss"]
[EventRounds "9"]
[EventCountry "ESP"]
[Source "lmi"]
[SourceDate "2010.08.20"]

1. e4 Nf6 2. e5 Nd5 3. c4 Nb6 4. d4 d6 5. exd6 cxd6 6. Be3 Nc6 7. Nc3 Bf5 8.
Rc1 g6 9. b3 Bg7 10. Nge2 O-O 11. Ng3 Bd7 12. Qd2 Re8 13. Be2 Rc8 14. O-O Na8
15. f4 f5 16. h4 e5 17. fxe5 dxe5 18. Bg5 Qb6 19. c5 Qb4 20. Bc4+ Kh8 21. a3
Qa5 22. Qb2 exd4 23. b4 dxc3 24. Rxc3 Qc7 25. Bf4 Be5 26. Re3 Bxb2 27. Rxe8+
Rxe8 28. Bxc7 Nxc7 29. h5 Bxa3 30. hxg6 hxg6 31. Rd1 Be6 32. Bxe6 Rxe6 33. Rd7
Re7 34. Rd6 Kg7 35. Kf1 Bxb4 0-1

[Event "26. Torneo Collado Villalba - B"]
[Site "Collado Villalba ESP"]
[Date "2010.08.20"]
[Round "1.18"]
[White "Navarro Martin, Carlos"]
[Black "Orantes Sanz, Ricardo"]
[Result "1-0"]
[WhiteElo "1843"]
[BlackElo "1619"]
[PlyCount "81"]
[EventDate "2010.08.20"]
[EventType "swiss"]
[EventRounds "9"]
[EventCountry "ESP"]
[Source "lmi"]
[SourceDate "2010.08.20"]

1. d4 Nf6 2. Nf3 d6 3. c4 c5 4. d5 g6 5. Nc3 Bg7 6. e4 Nbd7 7. Bd3 Ng4 8. O-O
a6 9. Ng5 Nde5 10. Be2 Nf6 11. f4 Neg4 12. h3 Nh6 13. e5 Nd7 14. e6 Bd4+ 15.
Kh2 Nf8 16. Qa4+ Nd7 17. exd7+ Bxd7 18. Qd1 Nf5 19. Qd3 h6 20. Nf3 Bg7 21. g4
Nd4 22. Be3 Qb6 23. Rab1 f5 24. b4 Nxf3+ 25. Bxf3 Qc7 26. bxc5 dxc5 27. d6 Qxd6
28. Qxd6 exd6 29. Nd5 O-O 30. Rxb7 Rad8 31. Ra7 fxg4 32. hxg4 g5 33. Ne7+ Kh7
34. Be4+ Kh8 35. Ng6+ Kg8 36. Nxf8 Bxf8 37. fxg5 Bxg4 38. gxh6 Be2 39. Bd5+ Kh8
40. Rff7 Bd3 41. Bg5 1-0

[Event "26. Torneo Collado Villalba - B"]
[Site "Collado Villalba ESP"]
[Date "2010.08.20"]
[Round "1.19"]
[White "Zea Ruiz, Elena"]
[Black "Piriz Fernandez, Daniel"]
[Result "0-1"]
[WhiteElo "1613"]
[BlackElo "1841"]
[PlyCount "56"]
[EventDate "2010.08.20"]
[EventType "swiss"]
[EventRounds "9"]
[EventCountry "ESP"]
[Source "lmi"]
[SourceDate "2010.08.20"]

1. d4 Nf6 2. c4 c5 3. e3 e6 4. Nc3 cxd4 5. exd4 b6 6. Nf3 Bb7 7. Bg5 Be7 8. Be2
O-O 9. O-O h6 10. Bh4 Nc6 11. d5 exd5 12. Bxf6 Bxf6 13. cxd5 Ne5 14. Rc1 d6 15.
Nxe5 Bxe5 16. f4 Bf6 17. b3 Re8 18. Nb5 Rc8 19. Rxc8 Qxc8 20. Kh1 Qc5 21. Bc4
a6 22. Na7 b5 23. Re1 Rxe1+ 24. Qxe1 bxc4 25. Qe8+ Kh7 26. Nc6 cxb3 27. Qe4+ g6
28. h3 bxa2 0-1

[Event "26. Torneo Collado Villalba - B"]
[Site "Collado Villalba ESP"]
[Date "2010.08.20"]
[Round "1.20"]
[White "Morona Minguez, Irene"]
[Black "Sanchez Tapia, Luis G"]
[Result "1-0"]
[WhiteElo "1838"]
[BlackElo "1609"]
[PlyCount "49"]
[EventDate "2010.08.20"]
[EventType "swiss"]
[EventRounds "9"]
[EventCountry "ESP"]
[Source "lmi"]
[SourceDate "2010.08.20"]

1. e4 c6 2. d4 d5 3. exd5 cxd5 4. c4 e6 5. Nf3 Bd6 6. c5 Bc7 7. Bd3 Bd7 8. Bg5
Ne7 9. Nc3 a6 10. O-O h6 11. Bh4 Nbc6 12. Re1 O-O 13. Bc2 Qb8 14. Qd3 Ng6 15.
a3 Re8 16. Bg3 Bxg3 17. fxg3 b5 18. b4 Qd8 19. Reb1 Qf6 20. a4 Na7 21. Rf1 Qd8
22. Ne5 Nc6 23. Nxg6 Nxb4 24. Ne7+ Kf8 25. Rxf7+ 1-0

[Event "26. Torneo Collado Villalba - B"]
[Site "Collado Villalba ESP"]
[Date "2010.08.20"]
[Round "1.23"]
[White "Cepas Castillo, Juan Carlos"]
[Black "Balsinde Montemayor, Pablo"]
[Result "0-1"]
[WhiteElo "1594"]
[BlackElo "1827"]
[PlyCount "59"]
[EventDate "2010.08.20"]
[EventType "swiss"]
[EventRounds "9"]
[EventCountry "ESP"]
[Source "lmi"]
[SourceDate "2010.08.20"]

1. e4 d6 2. d4 Nf6 3. Nc3 e5 4. dxe5 dxe5 5. Qxd8+ Kxd8 6. Bd2 Be6 7. O-O-O
Nbd7 8. Nf3 c6 9. Ng5 Ng4 10. Nxe6+ fxe6 11. Be1 Bc5 12. Rd2 b5 13. h3 Ngf6 14.
f3 Be3 15. Be2 Bxd2+ 16. Bxd2 Nh5 17. Rd1 Kc7 18. Be3 h6 19. a3 a6 20. b4 Rhd8
21. Rg1 Ng3 22. Bd1 Nf6 23. f4 Nfxe4 24. Nxe4 Nxe4 25. Bf3 exf4 26. Bxf4+ Nd6
27. Re1 Re8 28. Bg3 Rad8 29. Bh5 Re7 30. Bg6 0-1

[Event "26. Torneo Collado Villalba - B"]
[Site "Collado Villalba ESP"]
[Date "2010.08.21"]
[Round "2.3"]
[White "Martinez Rubio, Felipe"]
[Black "Tolosana Esteban, Enrique"]
[Result "1-0"]
[WhiteElo "1920"]
[BlackElo "1772"]
[PlyCount "69"]
[EventDate "2010.08.20"]
[EventType "swiss"]
[EventRounds "9"]
[EventCountry "ESP"]
[Source "lmi"]
[SourceDate "2010.08.20"]

1. e4 c6 2. d4 d5 3. e5 Bf5 4. c3 e6 5. Qb3 Qb6 6. Qxb6 axb6 7. Nf3 Bxb1 8.
Rxb1 Rxa2 9. Bd3 c5 10. O-O c4 11. Bc2 Kd8 12. Ng5 Nh6 13. Bd1 Kc7 14. Bc2 g6
15. h3 Nc6 16. g4 b5 17. Be3 Kd7 18. Rfc1 b4 19. b3 bxc3 20. bxc4 Ba3 21. cxd5
Nb4 22. Ba4+ Kc7 23. Rxc3+ Kb6 24. Bb3 Rb2 25. Ra1 exd5 26. Rxa3 Re8 27. Nxh7
Rh8 28. Bxh6 Rxh7 29. Bf8 Nc6 30. Bc5+ Kc7 31. Bxd5 Rh8 32. Bxf7 b5 33. Bd6+
Kb6 34. e6 Nxd4 35. Bc5+ 1-0

[Event "26. Torneo Collado Villalba - B"]
[Site "Collado Villalba ESP"]
[Date "2010.08.21"]
[Round "2.4"]
[White "Rubio Mancebon, Pedro Jose"]
[Black "Nunez Miranda, Adrian"]
[Result "1/2-1/2"]
[WhiteElo "1912"]
[BlackElo "1772"]
[PlyCount "61"]
[EventDate "2010.08.20"]
[EventType "swiss"]
[EventRounds "9"]
[EventCountry "ESP"]
[Source "lmi"]
[SourceDate "2010.08.20"]

1. f4 f5 2. Nf3 Nf6 3. c3 g6 4. d3 d6 5. Qc2 Nc6 6. e4 e5 7. Be2 Bg7 8. O-O O-O
9. Kh1 Qe7 10. fxe5 Nxe5 11. Nxe5 dxe5 12. Be3 c5 13. Nd2 b6 14. a4 f4 15. Bg1
Bb7 16. a5 b5 17. a6 Bc6 18. Nb3 c4 19. Na5 Qc7 20. Nxc6 Qxc6 21. dxc4 bxc4 22.
Ra4 Kh8 23. Rxc4 Qxa6 24. Ra4 Qb7 25. Rfa1 Rfd8 26. Rxa7 Rxa7 27. Rxa7 Qxe4 28.
Qxe4 Nxe4 29. Bf3 Nd2 30. Ra8 Rxa8 31. Bxa8 1/2-1/2

[Event "26. Torneo Collado Villalba - B"]
[Site "Collado Villalba ESP"]
[Date "2010.08.21"]
[Round "2.6"]
[White "Bolea Olivan, Jose Angel"]
[Black "Garcia Burguillo, Javier"]
[Result "0-1"]
[WhiteElo "1882"]
[BlackElo "1714"]
[PlyCount "66"]
[EventDate "2010.08.20"]
[EventType "swiss"]
[EventRounds "9"]
[EventCountry "ESP"]
[Source "lmi"]
[SourceDate "2010.08.20"]

1. d4 Nf6 2. Nf3 g6 3. g3 Bg7 4. Bg2 d5 5. c4 c5 6. cxd5 Nxd5 7. dxc5 Qa5+ 8.
Nfd2 e6 9. O-O Qxc5 10. Ne4 Qb6 11. Nbc3 Nxc3 12. Nxc3 O-O 13. Be3 Qxb2 14. Bd4
Rd8 15. Rb1 Qa3 16. Nb5 Qe7 17. Qc2 Nc6 18. Bc5 Qg5 19. Nc7 Rb8 20. Bxc6 b6 21.
Be3 Qe7 22. Bg2 Bb7 23. Rbc1 Bxg2 24. Kxg2 Rbc8 25. Qc6 Be5 26. Nd5 exd5 27.
Qxc8 Rxc8 28. Rxc8+ Kg7 29. Rfc1 d4 30. Bd2 Bd6 31. R1c2 Bc5 32. Kg1 g5 33. a3
Qxe2 0-1

[Event "26. Torneo Collado Villalba - B"]
[Site "Collado Villalba ESP"]
[Date "2010.08.21"]
[Round "2.7"]
[White "Sanchez Ruiz, Justo"]
[Black "Casas Rios, Ramon"]
[Result "0-1"]
[WhiteElo "1761"]
[BlackElo "1879"]
[PlyCount "52"]
[EventDate "2010.08.20"]
[EventType "swiss"]
[EventRounds "9"]
[EventCountry "ESP"]
[Source "lmi"]
[SourceDate "2010.08.20"]

1. e4 c6 2. d4 d5 3. e5 c5 4. c3 Nc6 5. Nf3 Bg4 6. Bb5 Qb6 7. Bxc6+ bxc6 8.
dxc5 Qxc5 9. Be3 Qb5 10. b3 e6 11. Nbd2 Ne7 12. h3 Bh5 13. g4 Bg6 14. Nd4 Qa6
15. Nf1 c5 16. Nc2 Nc6 17. Ng3 Nxe5 18. f4 Nd3+ 19. Kd2 d4 20. cxd4 cxd4 21.
Bxd4 Nxf4 22. Qf3 Rc8 23. Ne4 Qa5+ 24. Kd1 Qd5 25. Qxf4 Bxe4 26. Rh2 Bd6 0-1

[Event "26. Torneo Collado Villalba - B"]
[Site "Collado Villalba ESP"]
[Date "2010.08.21"]
[Round "2.8"]
[White "Garcia Cervigon, Cecilio"]
[Black "Liceras Ruiz, Manuel"]
[Result "1/2-1/2"]
[WhiteElo "1864"]
[BlackElo "1709"]
[PlyCount "52"]
[EventDate "2010.08.20"]
[EventType "swiss"]
[EventRounds "9"]
[EventCountry "ESP"]
[Source "lmi"]
[SourceDate "2010.08.20"]

1. d4 Nf6 2. Nf3 d5 3. c4 e6 4. Nc3 Be7 5. e3 O-O 6. Bd3 b6 7. cxd5 exd5 8. Ne5
Bb7 9. O-O Nbd7 10. f4 c5 11. b3 cxd4 12. exd4 Rc8 13. Bb2 Ne4 14. Rc1 a6 15.
Qe2 Nxc3 16. Rxc3 Rxc3 17. Bxc3 b5 18. Re1 Nxe5 19. fxe5 Bc8 20. Qc2 g6 21. Bd2
Be6 22. Bh6 Re8 23. Rc1 Ba3 24. Rf1 Qh4 25. Be3 Rc8 26. Qd2 Qd8 1/2-1/2

[Event "26. Torneo Collado Villalba - B"]
[Site "Collado Villalba ESP"]
[Date "2010.08.21"]
[Round "2.10"]
[White "Gil Fernandez, Daniel"]
[Black "Sanchez Yunquera, Raul"]
[Result "1/2-1/2"]
[WhiteElo "1849"]
[BlackElo "1702"]
[PlyCount "68"]
[EventDate "2010.08.20"]
[EventType "swiss"]
[EventRounds "9"]
[EventCountry "ESP"]
[Source "lmi"]
[SourceDate "2010.08.20"]

1. d4 d5 2. c4 c5 3. dxc5 Nf6 4. cxd5 Qxd5 5. Qxd5 Nxd5 6. a3 e5 7. b4 a5 8.
Bb2 axb4 9. axb4 Rxa1 10. Bxa1 Nc6 11. b5 Nd4 12. Bxd4 exd4 13. c6 Bb4+ 14. Kd1
O-O 15. Nf3 Bf5 16. Kc1 bxc6 17. Nxd4 Bxb1 18. Kxb1 cxb5 19. e3 Be1 20. e4 Bxf2
21. Nxb5 Nf6 22. Bd3 Re8 23. Rf1 Bc5 24. Rc1 Be3 25. Rc4 g6 26. Nd6 Rb8+ 27.
Kc2 Rd8 28. Rc8 Rxc8+ 29. Nxc8 Ng4 30. h3 Nf2 31. Ne7+ Kg7 32. Nd5 Ba7 33. Nf4
Nxd3 34. Kxd3 Kf6 1/2-1/2

[Event "26. Torneo Collado Villalba - B"]
[Site "Collado Villalba ESP"]
[Date "2010.08.21"]
[Round "2.13"]
[White "Aragon Gutierrez, Alejandro"]
[Black "Morona Minguez, Irene"]
[Result "0-1"]
[WhiteElo "1697"]
[BlackElo "1838"]
[PlyCount "46"]
[EventDate "2010.08.20"]
[EventType "swiss"]
[EventRounds "9"]
[EventCountry "ESP"]
[Source "lmi"]
[SourceDate "2010.08.20"]

1. e4 c5 2. Nf3 e6 3. d4 cxd4 4. Nxd4 Nc6 5. Nc3 a6 6. Be2 Qc7 7. O-O Nf6 8.
Be3 b5 9. Bf3 Bb7 10. Re1 Ne5 11. Bg5 b4 12. Na4 Rc8 13. c3 Qa5 14. a3 bxa3 15.
b4 Nxf3+ 16. Nxf3 Qc7 17. Qd4 Be7 18. Rxa3 Qc4 19. Qxc4 Rxc4 20. e5 Ne4 21.
Bxe7 Kxe7 22. Nd4 Rhc8 23. Re3 Rxd4 0-1